Les plus grandes villes du top 5 sans club de foot en division 1 - Statistiques

Statistiques générales
  • Ce quiz a été pris 52 fois
  • Le résultat moyen est 5 sur 25
Statistiques - réponses
Population Ville % Correct
631 551 Bordeaux
92%
324 059 Montpellier
38%
298 777 Toulon
38%
667 442 Palerme
29%
311 071 Rouen
27%
221 727 Bari
25%
359 128 Grenoble
25%
521 854 Málaga
23%
530 294 Leicester
21%
453 376 Catane
17%
585 533 Saragosse
17%
907 386 Dusseldorf
15%
367 226 Grenade
13%
644 169 Nuremberg
13%
427 678 Coventry
10%
549 695 Sheffield
10%
756 044 Bonn
8%
615 703 Bristol
8%
488 385 Portsmouth
8%
2 717 087 Essen
6%
381 670 Las Palmas
6%
397 948 Alicante
2%
302 759 Busto Arsizio
0%
252 391 Caserte
0%
662 663 Wuppertal
0%
Aucun quiz correspondant
Distribution des résultats
% des personnes avec chaque résultat
Percentile par nombre de réponses
Votre historique - résultats
Vous n’avez pas pris ce quiz